Economia internazionale rivista trimetrale dell' Instituto di economia internazionale

Gespeichert in:
Bibliographische Detailangaben
Format: Schriftenreihe
Sprache:Italienisch
Veröffentlicht: Genova Camera di commercio, industria artigianato e agricoltura
Tags: Tag hinzufügen
Keine Tags, Fügen Sie das erste Tag hinzu!

MARC

LEADER 00000nas1a22000001 4500
001 s120641
005 20041019155346.3
041 0 |a ita 
044 |a IT 
245 1 0 |a Economia internazionale  |b rivista trimetrale dell' Instituto di economia internazionale 
264 1 |a Genova  |b Camera di commercio, industria artigianato e agricoltura